Jazyková analýza televizních reklam

Saved in:
Bibliographic Details
Main Author Vintrová, Alžběta (Dissertant)
Other Authors Křížek, Zdeněk (Thesis advisor)
Format Manuscript Book
LanguageCzech
Published 2011
Subjects
Online AccessPlný text v Digitální knihovně UTB
Physical Description52 s. (78 960 znaků), 7 s.

Cover

LEADER 00000ntm a22000007u 4500
001 zp18782
041 |a cze 
100 1 |a Vintrová, Alžběta  |4 dis 
245 1 0 |a Jazyková analýza televizních reklam 
246 |a Language Analysis of Television Advertisings 
260 |c 2011 
300 |a 52 s. (78 960 znaků), 7 s. 
500 |a Studijní obor: Marketingové komunikace 
500 |a Studijní obor: Marketing Communications 
500 |a Ústav: Ústav marketingových komunikací 
500 |a Univerzita Tomáše Bati ve Zlíně. Fakulta multimediálních komunikací 
500 |a Tomas Bata University in Zlín. Faculty of Multimedia Communications 
506 |a Bez omezení 
653 |a Televizní reklama 
653 |a text 
653 |a jazyk 
653 |a styl 
653 |a jazyková analýza 
653 |a Television advertising 
653 |a language 
653 |a language analysis 
653 |a style 
653 |a text 
655 4 |a bakalářská práce 
700 1 |a Křížek, Zdeněk  |4 ths 
710 2 |a Univerzita Tomáše Bati ve Zlíně. Fakulta multimediálních komunikací  |4 dgg 
710 2 |a Tomas Bata University in Zlín. Faculty of Multimedia Communications  |4 dgg 
856 4 0 |u http://hdl.handle.net/10563/15512  |y Plný text v Digitální knihovně UTB